Biblioteca

Los hechos de los apóstoles (Registro nro. 64410)

Detalles MARC
000 -LÍDER
Campo fijo de descripción fija 01409nam a22003254i 4500
001 - NÚMERO DE CONTROL
Campo de control 768714001
003 - IDENTIFICADOR DEL NÚMERO DE CONTROL
Campo de control CO-MdFUSB
005 - FECHA Y HORA DE LA ULTIMA TRANSACCIÓN
control field 20180821063758.0
008 - ELEMENTOS DE LONGITUD FIJA -- INFORMACIÓN GENERAL
Campo fijo de descripción fija -- Información general 180818t1965 sp ||||| |||| 00| 0 spa d
020 ## - NÚMERO INTERNACIONAL NORMALIZADO PARA LIBROS
Número Internacional Normalizado del libro 8429300317
040 ## - FUENTE DE CATALOGACIÓN
Agencia de catalogación original CO-MdFUSB
Idioma de catalogación spa
Agencia que realiza la transcripción CO-MdFUSB
Agencia que realiza la modificación CO-MdFUSBC
Convenciones de la descripción rda
041 ## - CÓDIGO DE IDIOMA
Código de idioma para texto/pista de sonido o título separado spa
082 ## - NÚMERO DE CLASIFICACIÓN DECIMAL DEWEY
Número de la edición del Dewey 23
Número de clasificación 226.607
Clave de autor-Numero de item F583h
100 ## - ASIENTO PRINCIPAL--NOMBRE PERSONAL
Nombre personal Flanagan, Neal M
Término relacionador autor
240 ## - TITULO UNIFORME
Título uniforme <a href="New Testament Reading Guide : the Acts of the Apostles">New Testament Reading Guide : the Acts of the Apostles</a>
245 ## - TÍTULO
Título del Material Los hechos de los apóstoles
Mención de responsabilidad, etc. / Neal M. Flanagan
250 ## - MENCIÓN DE EDICIÓN
Mención de edición Segunda edición
264 #1 - PRODUCCIÓN, PUBLICACIÓN, DISTRIBUCIÓN, MANUFACTURA, Y COPYRIGHT
Lugar de producción, publicación, distribución, manufactura Santander, España :
Nombre del productor, publicador, distribuidor Sal Terrae,
Fecha de producción, publicación, distribución, manufactura, o copyright ℗[1965]
264 #4 - PRODUCCIÓN, PUBLICACIÓN, DISTRIBUCIÓN, MANUFACTURA, Y COPYRIGHT
Fecha de producción, publicación, distribución, manufactura, o copyright ©1976
300 ## - DESCRIPCIÓN FÍSICA
Extensión 175 páginas ;
Dimensiones 17 cm.
Otros detalles físicos Ilustraciones
336 ## - TIPO DE CONTENIDO
Fuente rdacontent
Término de tipo de contenido texto
Código de tipo de contenido txt
337 ## - TIPO DE MEDIO
Fuente rdamedia
Nombre del tipo de medio sin mediación
Código del tipo de medio n
338 ## - TIPO DE SOPORTE
Fuente rdacarrier
Nombre del tipo de soporte volumen
Código Tipo de soporte nc
490 1# - MENCIÓN DE SERIE
Mención de serie Conoce la Biblia : Nuevo Testamento
505 ## - NOTA DE CONTENIDO
Título l. Introducción. --
-- ll. Jerusalén: punto de partida del desarrollo de la Iglesia. --
-- lll. Primera expansión de la Iglesia fuera de Jerusalén. --
-- lV. Antioquía, nuevo centro del crecimiento de la Iglesia. --
-- V. Segundo viaje misionero de San Pablo. --
-- Vl. Tercer viaje misionero de San Pablo. --
-- VII. Pablo, Prisionero por Cristo. --
-- Esquemas de repaso y discusión. --
-- Abreviaturas.
563 ## - NOTA DE ENCUADERNACIÓN
Nota de encuadernación Tapa rústica
630 07 - TITULO UNIFORME
Título uniforme Biblia.
Nombre de parte o sección de la obra Hechos
830 ## - PUNTO DE ACCESO ADICIONAL DE SERIE - TÍTULO UNIFORME
Título uniforme Conoce la Biblia : Nuevo Testamento
Designación de volumen o secuencia No. 6
942 ## - TIPO DE MATERIAL (KOHA)
Tipo de Item KOHA Libros General
Existencias
Estado de Material Estado de Perdido Forma de Clasificación Estado de Dañado No para Préstamo Colección Biblioteca de Origen Biblioteca Permanente Fecha de Adquisición Total de Préstamos Signatura Topográfica Código de Barras Última vez visto Última vez Préstado Ejemplar/Existencia Fecha de Remplazo Tipo de Material
    Dewey Decimal Classification     Colección General Biblioteca FUSBC Biblioteca FUSBC 21/08/2018 1 G 226.607 F583h 13228 25/08/2023 05/11/2019 Ej. 1 21/08/2018 Libros General

Biblioteca FUSBC | Teléfono: (57+4) 349 88 10 Ext. 141| WhatsApp (+57) 3005338115 
E-mail: biblioteca@unisbc.edu.co | Calle 76 87-14 Robledo Palenque, Medellín, Colombia

Con tecnología Koha